Soviet agriculture: Trials and triumphs (Record no. 27735)

MARC details
000 -LEADER
fixed length control field 00333nam a2200121Ia 4500
082 ## - DEWEY DECIMAL CLASSIFICATION NUMBER
Classification number 338.43.01(47+52)
Item number SAN
100 ## - MAIN ENTRY--AUTHOR NAME
Personal name SANE, G D
245 #0 - TITLE STATEMENT
Title Soviet agriculture: Trials and triumphs
260 ## - PUBLICATION, DISTRIBUTION, ETC. (IMPRINT)
Place of publication Bombay
Name of publisher Popular Prakash
Year of publication 1972
650 ## - SUBJECT ADDED ENTRY--TOPICAL TERM
Topical Term Cooperative agriculture
942 ## - ADDED ENTRY ELEMENTS (KOHA)
Koha item type Books
Holdings
Withdrawn status Lost status Damaged status Not for loan Home library Current library Date acquired Full call number Accession Number Koha item type
        RRII Library RRII Library 16/12/2021 338.43.01(47+52) SAN 08351 Books